Análisis filogenético de 21 poblaciones latinoamericanas de gatos, mediante 10 loci morfológicos, utilizando métodos de matrices de distancias genéticas y de máxima parsimonia (Registro nro. 11685)
[ vista simple ]
| 000 -CABECERA | |
|---|---|
| Campo de control | 007150000a22001810004500 |
| 090 ## - CLASIFICACIÓN LOCAL | |
| Colección | AR |
| Consecutivo | 02622 |
| 041 0# - IDIOMA | |
| Código de idioma para texto/pista de sonido o título separado | |
| 100 1# - ASIENTO PRINCIPAL--NOMBRE PERSONAL | |
| Nombre personal | Ruíz García, Manuel |
| 245 10 - MENCION DE TITULO | |
| Título | Análisis filogenético de 21 poblaciones latinoamericanas de gatos, mediante 10 loci morfológicos, utilizando métodos de matrices de distancias genéticas y de máxima parsimonia |
| 650 14 - ASIENTO SECUNDARIO DE MATERIA - TERMINO TEMATICO | |
| Término temático o nombre geográfico como elemento de entrada | Gatos |
| 650 14 - ASIENTO SECUNDARIO DE MATERIA - TERMINO TEMATICO | |
| Término temático o nombre geográfico como elemento de entrada | Análisis genético |
| 650 14 - ASIENTO SECUNDARIO DE MATERIA - TERMINO TEMATICO | |
| Término temático o nombre geográfico como elemento de entrada | Historia natural |
| 650 14 - ASIENTO SECUNDARIO DE MATERIA - TERMINO TEMATICO | |
| Término temático o nombre geográfico como elemento de entrada | Colonización española |
| 651 #4 - ASIENTO SECUNDARIO DE MATERIA - NOMBRE GEOGRAFICO | |
| -- | América del Sur |
| 700 1# - ASIENTO SECUNDARIO - NOMBRE PERSONAL | |
| Nombre personal | Alvarez, Diana |
| 773 1# - Item fuente: | |
| Título | Boletín de la Real Sociedad Española de Historia Natural |
| Especificación de materiales | 1252 |
| Descripción física | 3-4 |
| Paginas del Articulo | 139-164 |
| Lugar, editorial y fecha de publicación | 1999 |
| Información sobre la relación | 95 |
| 942 ## - ELEMENTOS ADICIONALES (KOHA) | |
| Tipo de ítem | Artículo |
| Withdrawn status | Lost status | Damaged status | No para préstamo | Colección | Ubicación Permanente | Ubicación actual | Fecha de adquisición | Fuente de Valor | Datos de publicación Seriada | Total Checkouts | Número topográfico | Inventario / Código de Barras | Date last seen | Ejemplar | Price effective from | Forma de adquisición | Tipo de material |
|---|---|---|---|---|---|---|---|---|---|---|---|---|---|---|---|---|---|
| No para Préstamo | Hemeroteca | Bogotá | Bogotá | 27/02/2015 | Sánchez, Enrique | Fuera de circulación | AR 02622 | 013035 | 25/03/2015 | 1 | 25/03/2015 | Artículo |